| 000 | 00403nam a2200133Ia 4500 | ||
|---|---|---|---|
| 008 | 211119s9999||||xx |||||||||||||| ||und|| | ||
| 082 |
_a823 _bDAS-K |
||
| 100 | _aDas, Kamala | ||
| 245 | 0 | _aKept Woman: And Other Stories | |
| 260 |
_bOM Books International _aUP _c2010 |
||
| 300 | _a163p | ||
| 650 |
_aEnglish Literature _vEnglish FictionEnglish NovelShort StoriesEnglish _xGeneral Stack |
||
| 942 | _cBOOK | ||
| 999 |
_c110901 _d110901 |
||